Tiểu thuyết thứ năm : Những tác phẩm mới tìm lại được

Zapisane w:
Opis bibliograficzny
Format: Sách giấy
Język:Vietnamese
Wydane: H. : Văn học, 1998
Hasła przedmiotowe:
Etykiety: Dodaj etykietę
Nie ma etykietki, Dołącz pierwszą etykiete!
Thư viện lưu trữ: Thư viện Trường Đại học Đà Lạt
LEADER 00635nam a2200253 4500
001 DLU020011004
005 ##19991207
041 # # |a vie 
082 # # |a 895.922 3  |b Tie 
245 # # |a Tiểu thuyết thứ năm :  |b Những tác phẩm mới tìm lại được 
260 # # |a H. :  |b Văn học,  |c 1998 
300 # # |a 518 tr.;   |c 19 cm. 
653 # # |a Sưu tập văn học 
653 # # |a Văn học hiện đại 
653 # # |a Văn học lãng mạn 
992 # # |a 41000 
994 # # |a DLU 
900 # # |a False 
911 # # |a Administrator 
925 # # |a G 
926 # # |a A 
927 # # |a SH 
980 # # |a Thư viện Trường Đại học Đà Lạt